BIBLIOTHÈQUE DE LA MAISON DU MEXIQUE

Logo 1 Logo 2

La gran aventura en México (notice nᵒ 1759)

détails MARC
000 -Sello discográfico
campo de control de longitud fija 01107nam a2200325 4500
005 - Identificación de versión
campo de control 20251017062857.0
010 ## - Número Estándar Internacional de Libros (ISBN)
Número (ISBN) 968-29-5701-X (Obra completa)
035 ## - Otros números de control del sistema
Número de control del sistema 22258
099 ## - fechas locales
Tipo de ítem Koha LIBRO
100 ## - Datos de procesamiento general
Datos de procesamiento general 19970605d1993 m y1spay5003 ba
105 ## - Campo de datos codificados: Material textual, monográfico
Datos codificados de monografía y 001zy
200 1# - Título y mención de responsabilidad
Título propio La gran aventura en México
Designación general del material texto impreso
Otra información del título el papel de los voluntarios extranjeros en los ejércitos revolucionarios mexicanos, 1910-1915
Primer mención de responsabilidad Lawrence Taylor
205 ## - Declaración de edición
Declaración de edición 1a ed
210 ## - Publicación, distribución, etc.
Lugar de publicación, distribución, etc. México
Nombre del editor, distribuidor, etc. Consejo Nacional para la Cultura y las Artes
Fecha de publicación, distribución, etc. 1993
215 ## - Descripción física
Designación de material específico y extensión del ítem 2 v
Dimensiones 21 cm
345 ## - Nota de información de adquisición
Fuente de adquisición/dirección de la suscripción [OBSOLETO] Donación del CNCA
410 #1 - Series
Título Regiones
606 ## - Término temático usado como materia
Elemento de entrada Extranjeros
Subdivisión geográfica México
Número Koha 4360
607 ## - Nombre geográfico utilizado como tema
Elemento de entrada México
Subdivisión temática Historia
Subdivisión cronológica Revolución, 1910-
Número Koha 1664
660 ## - Código de área geográfica
Código MX
700 ## - Nombre personal - Responsabilidad primaria
Elemento de entrada Taylor Hansen
Parte del nombre distinta del elemento de entrada Lawrence Douglas
Fechas 1950-
Número Koha 3121
801 #0 - Fuente de origen
Agencia cm
900 ## -
-- 1/14177
900 ## -
-- 710973661\\050697
942 ## - ELEMENTOS DE ENTRADA SECUNDARIOS (KOHA)
Tipo de ítem Koha Livre
996 ## -
-- MEX
-- 751145101
-- MMAG
-- 005245
-- 917.2 R336 V.45.1
-- 20210722LIV
996 ## -
-- MEX
-- 751145101
-- MMAG
-- 005246
-- 917.2 R336 V.45.2
-- 20210722LIV
Exemplaires
Estatus retirado Estado de daño Estado de pérdida Fecha de adquisición Biblioteca de origen Biblioteca actual Ubicación en estantería Código de barras Precio de reemplazo Signatura topográfica completa No para préstamo Tipo de ítem Koha Nota pública Nota no pública
      05/08/2025 Casa México Paris Casa México Paris   005245 05/08/2025 917.2 R336 V.45.1   Livre 20210722LIV 751145101
      05/08/2025 Casa México Paris Casa México Paris   005246 05/08/2025 917.2 R336 V.45.2   Livre 20210722LIV 751145101